The handbook of discourse analysis / (رقم التسجيلة. 39721)

تفاصيل مارك
000 -الفاتح
حقل البيانات ثابتة الطول 00977cam a22002778i 4500
003 - محدد رقم الضبط
رقم الضبط OSt
005 - وقت وتاريخ اخر تعامل مع التسجيلة
رقم الضبط 20240919104853.0
008 - عناصر البيانات ثابتة الطول - معلومات عامة
حقل البيانات ثابتة الطول 150220s2018 mau f 001 0 eng
020 ## - الرقم الدولى المعيارى للكتب
الرقم الدولى المعيارى للكتاب 9781119039778
020 ## - الرقم الدولى المعيارى للكتب
الرقم الدولى المعيارى للكتاب 9780470670743 (cloth)
040 ## - مصدر الفهرسة
وكالة الفهرسة الأصلية DLC
لغة الفهرسة eng
وكالة النسخ DLC
قواعد الوصف rda
041 ## - رمز اللغة
رمز لغة النص/ المسارات الصوتية أو العنوان الانفرادي Ma-Un
042 ## - رمز التحقق
رمز التحقق pcc
082 00 - رقم تصنيف ديوى العشرى
رقم التصنيف 401.41
رقم الطبعة 23
رقم المادة HAD
245 04 - بيان العنوان
العنوان The handbook of discourse analysis /
بيان المسئوليه,etc edited by Deborah Tannen, Heidi E. Hamilton & Deborah Schiffrin.
250 ## - بيان الطبعة
بيان الطبعة Second edition.
264 ## - النشر, التوزيع, ETC. (IMPRINT)
مكان الناشر او الموزع Malden, MA ;
-- Chichester, West Sussex :
اسم الناشر او الموزع Wiley Blackwell,
تاريخ النشر أو التوزيع 2018.
300 ## - الوصف المادى
التعداد volumes cm
أبعاد الوعاء 24 سم.
504 ## - تبصرة ببليوجرافية
تبصرة ببليوجرافية,الخ Includes bibliographical references and index.
650 #0 - المدخل الاضافى بالموضوع-مصطلح موضوعى
مصطلح موضوعي أو اسم جغرافي كعنصر مدخل Discourse analysis
التقسيم الفرعي الشكلي Handbooks, manuals, etc.
9 (RLIN) 45059
700 1# - المدخل الاضافى - اسم شخصى
الإسم الشخصى Tannen, Deborah,
الدور editor.
9 (RLIN) 56365
700 1# - المدخل الاضافى - اسم شخصى
الإسم الشخصى Hamilton, Heidi Ehernberger,
الدور editor.
9 (RLIN) 56366
700 1# - المدخل الاضافى - اسم شخصى
الإسم الشخصى Schiffrin, Deborah,
الدور editor.
9 (RLIN) 56367
942 ## - عناصر المدخل الإضافي( كوها)
Koha [default] item type كتاب
مصدر التصنيف او مخطط الترفيف Dewey Decimal Classification
المقتنيات
حالة الفقد نموذج السعر الفعال حالة تلف ليس للاعارة رقم الطلب رقم النسخة تاريخ الاكتساب الموقع الحالي الباركود الفرع الرئيسي Total Renewals Date last checked out Date last seen نوع المادة فى نظام كوها مصدر التصنيف او خطة الترفيف Total Checkouts مُعار
  2016-08-27     401.41 HAD V1 2016-08-27 المكتبة المركزية بالمجمعة (CL) 00654760 المكتبة المركزية بالمجمعة (CL) 3 2022-09-08 2024-10-10 كتاب Dewey Decimal Classification 2  
  2016-08-27     401.41 HAD V2 2016-08-27 المكتبة المركزية بالمجمعة (CL) 00654763 المكتبة المركزية بالمجمعة (CL) 1 2022-09-15 2022-09-15 كتاب Dewey Decimal Classification 1 2023-03-14
  2016-08-27     401.41 HAD V2 2016-08-27 المكتبة المركزية بالمجمعة (CL) 00654765 المكتبة المركزية بالمجمعة (CL)     2016-08-27 كتاب Dewey Decimal Classification    
  2016-08-27     401.41 HAD V1 2016-08-27 قسم الاجراءات الفنية (IC) 00654820 قسم الاجراءات الفنية (IC)     2016-08-27 كتاب Dewey Decimal Classification    
  2016-08-27     401.41 HAD V1 2016-08-27 قسم الاجراءات الفنية (IC) 00654821 قسم الاجراءات الفنية (IC)     2016-08-27 كتاب Dewey Decimal Classification    
  2016-08-27     401.41 HAD V2 2016-08-27 قسم الاجراءات الفنية (IC) 00654822 قسم الاجراءات الفنية (IC)     2016-08-27 كتاب Dewey Decimal Classification    
  2016-08-27     401.41 HAD V2 2016-08-27 قسم الاجراءات الفنية (IC) 00654823 قسم الاجراءات الفنية (IC)     2016-08-27 كتاب Dewey Decimal Classification    
  2024-09-19   Not For Loan 401.41 HAD   2024-09-19 قسم الاجراءات الفنية (IC) 00751346 قسم الاجراءات الفنية (IC)     2024-09-19 كتاب Dewey Decimal Classification    
  2024-09-19     401.41 HAD   2024-09-19 قسم الاجراءات الفنية (IC) 00751347 قسم الاجراءات الفنية (IC)     2024-09-19 كتاب Dewey Decimal Classification    
  2016-08-27     401.41 HAD V1 2016-08-27 كلية الشريعة والقانون - طالبات 00654896 كلية الشريعة والقانون - طالبات     2016-08-27 كتاب Dewey Decimal Classification    
  2016-08-27     401.41 HAD V1 2016-08-27 كلية الشريعة والقانون - طالبات 00654897 كلية الشريعة والقانون - طالبات   2018-09-09 2018-12-24 كتاب Dewey Decimal Classification 1  
  2016-08-27     401.41 HAD V2 2016-08-27 كلية الشريعة والقانون - طالبات 00654898 كلية الشريعة والقانون - طالبات 2 2018-10-08 2021-10-19 كتاب Dewey Decimal Classification 2  
  2016-08-27     401.41 HAD V2 2016-08-27 كلية الشريعة والقانون - طالبات 00654899 كلية الشريعة والقانون - طالبات     2016-08-27 كتاب Dewey Decimal Classification    
  2016-08-27     401.41 HAD V2 2016-08-27 مكتبة كلية العلوم و الدراسات الإنسانية برماح - طالبات (SRF) 00654764 مكتبة كلية العلوم و الدراسات الإنسانية برماح - طالبات (SRF)     2016-08-27 كتاب Dewey Decimal Classification    
  2016-08-27     401.41 HAD V1 2016-08-27 مكتبة كلية العلوم و الدراسات الإنسانية برماح - طلاب (SRM) 00654761 مكتبة كلية العلوم و الدراسات الإنسانية برماح - طلاب (SRM)     2016-08-27 كتاب Dewey Decimal Classification    
  2016-08-27     401.41 HAD V1 2016-08-27 مكتبة كلية العلوم و الدراسات الإنسانية برماح - طلاب (SRM) 00654762 مكتبة كلية العلوم و الدراسات الإنسانية برماح - طلاب (SRM)   2022-01-26 2022-05-15 كتاب Dewey Decimal Classification 1